| 000 | 00512nam a22001937a 4500 | ||
|---|---|---|---|
| 003 | OSt | ||
| 005 | 20140310182200.0 | ||
| 008 | 130902t xxu||||| |||| 00| 0 eng d | ||
| 020 | _a9781848981409 | ||
| 050 |
_aGV 1201 _b.G151 2010 |
||
| 082 |
_aHS 797.5 _bG35 2010 |
||
| 100 |
_aGale, Lesley _916185 |
||
| 245 |
_aSkydiving / _cLesley Gale |
||
| 260 |
_aGreat Britain : _bTicktock, _cc2010. |
||
| 300 |
_a64 p. : _bcol. ill. ; _c25 cm. |
||
| 650 |
_aSkydiving _916186 |
||
| 942 |
_2lcc _cHS |
||
| 999 |
_c10184 _d10184 |
||